Famous... with a Facepalm! Quiz Stats

 Plays Quiz Updated Jan 20, 2019

Support Sporcle.
Go Orange.
Score 0/36 Timer 06:00
2 Plays Today
% Correct
Barack Obama
98.6%
Spider-Man
96.8%
Mario
96.5%
Pope Benedict XVI
96.5%
Superman
96.3%
Batman
95.2%
Homer Simpson
94.6%
John F. Kennedy
93.7%
Woody
91.9%
Robin Williams
90.5%
Mr. T
88.7%
Jesus Christ
88.5%
Hugh Laurie
85.3%
Tiger Woods
85%
Ernie
84.5%
Donatello
83.1%
Alice
81.4%
Godzilla
79.8%
% Correct
Wilson the Volleyball
73%
William Shatner
70.7%
Patrick Stewart & Jonathan Frakes
65.6%
Al Gore
63.3%
Vladimir Putin
63.2%
Doug Funnie
62.8%
Optimus Prime
62.7%
Jon Stewart
61.6%
Newt Gingrich
57.4%
Link
55.7%
Jesse Jackson
54.6%
Charles Darwin
49.7%
Facehugger Alien
38.8%
Gillian Anderson
34.6%
David Cameron
32.5%
Hugo Weaving
32%
Tony La Russa
27.7%
Madonna
26.4%

You're not logged in!

Compare scores with friends on all Sporcle quizzes.
OR
Log In

From the Vault

'P' Entertainment Images

by druhutch

Please play this game, perhaps?
Remove Ads.
Support Sporcle.
Get the best of Sporcle when you Go Orange. This ad-free experience offers more features, more stats, and more fun while also helping to support Sporcle. Thank you for becoming a member.

Show Comments

Extras

Top Quizzes Today


Score Distribution

Your Account Isn't Verified!

In order to create a playlist on Sporcle, you need to verify the email address you used during registration. Go to your Sporcle Settings to finish the process.

Report this User

Report this user for behavior that violates our Community Guidelines.

Details: